000
00325nam a22001457a 4500
003
CEME
005
20210628203910.0
008
210308b xxu||||| |||| 00| 0 eng d
040
_c
.
082
_a
004.56 ORA'C
245
_a
Oracle handbook
260
_a
USA
_b
OEACLE PUBLICATION
_c
1989
300
_a
V.P
942
_c
BK
_2
ddc
999
_c
575478
_d
575478